000 00637nam a2200205Ia 4500
003 PILC
005 20160511114417.0
008 140429s9999 xx 000 0 und d
020 _a9780071250160
050 _aQP 34.5
_b.M455 2006
100 _aMarieb, Elaine N.
245 _aEssentials of human anatomy & physiology laboratory manual /
_bElain N. Marieb.
250 _a3rd ed.
260 _aSan Francisco :
_bPearson,
_c2006.
300 _avi, 395 pages :
_billustrations ;
_c26 cm.
500 _aIncludes bibliographical references and indexes.
650 _aPsychology
_xTextbooks.
942 _kFOR
_cBK
_2lcc
999 _c115709
_d115709